| 000 | 02211cam a2200433 a 4500 | ||
|---|---|---|---|
| 999 |
_c7614 _d7614 |
||
| 001 | 13612785 | ||
| 003 | GZU | ||
| 005 | 20210511135531.0 | ||
| 008 | 040603s2004 wiub s000 0aeng | ||
| 010 | _a 2004012634 | ||
| 020 | _a0299204901 (hardcover : alk. paper) | ||
| 020 | _a0299204944 (pbk. : alk. paper) | ||
| 040 |
_aDLC _cDLC _dDLC |
||
| 041 | 1 |
_aeng _hfre |
|
| 043 |
_af-cg--- _af-rw--- |
||
| 050 | 0 | 0 |
_aDT450.435 _b.U513 2004 |
| 082 | 0 | 0 |
_a305.9/06914/09675109049 _222 |
| 100 | 1 |
_aUmutesi, Marie Béatrice, _d1959- |
|
| 240 | 1 | 0 |
_aFuir ou Mourir au Zaïre. _lEnglish |
| 245 | 1 | 0 |
_aSurviving the slaughter : _bthe ordeal of a Rwandan refugee in Zaire / _cMarie Béatrice Umutesi ; foreword by Catharine Newbury ; translated by Julia Emerson. |
| 260 |
_aMadison : _bUniversity of Wisconsin Press, _cc2004. |
||
| 300 |
_axix, 258 p. : _bmaps ; _c24 cm. |
||
| 440 | 0 | _aWomen in Africa and the diaspora | |
| 500 | _a"Originally published in France as Fuir ou mourir au Zaïre"--T.p. verso. | ||
| 505 | 0 | _aI discover my ethnic identity -- Increasing violence -- Descent into Hell -- Survival in the camps at Kivu -- A difficult choice -- Pursued westward -- Hunted across Zaire -- The death camp at Tingi-Tingi -- Hunger on the road -- My life for ten dollars -- The end of the ordeal. | |
| 600 | 1 | 0 |
_aUmutesi, Marie Béatrice, _d1959- |
| 650 | 0 |
_aGenocide _zRwanda. |
|
| 650 | 0 |
_aRefugees _zCongo (Democratic Republic) |
|
| 650 | 0 |
_aRwandans _zCongo (Democratic Republic) |
|
| 651 | 0 |
_aRwanda _xHistory _yCivil War, 1994. _xRefugees. |
|
| 651 | 0 |
_aRwanda _xHistory _yCivil War, 1994 _vPersonal narratives. |
|
| 651 | 0 |
_aRwanda _xEthnic relations. |
|
| 856 | 4 | 1 |
_3Table of contents only _uhttp://www.loc.gov/catdir/toc/ecip0418/2004012634.html |
| 856 | 4 | 2 |
_3Contributor biographical information _uhttp://www.loc.gov/catdir/enhancements/fy0616/2004012634-b.html |
| 856 | 4 | 2 |
_3Publisher description _uhttp://www.loc.gov/catdir/enhancements/fy0616/2004012634-d.html |
| 906 |
_a7 _bcbc _corignew _d1 _eecip _f20 _gy-gencatlg |
||
| 942 |
_2lcc _cBK _h450.435 _iUMU _kDT |
||